[Event "St-Jean"]
[Site "Quebec CAN"]
[Date "2006.06.24"]
[Round "4"]
[White "Caron, Sebastien"]
[Black "Masse, Hugues"]
[Result "1/2-1/2"]
[WhiteElo "1917"]
[BlackElo "2288"]
[PlyCount "196"]
[EventDate "2006.06.23"]
[EventType "swiss"]
[EventRounds "5"]
[EventCountry "CAN"]

1. e4 e5 2. Nf3 Nc6 3. Bb5 a6 4. Ba4 Nf6 5. O-O b5 6. Bb3 Bb7 7. Re1 Bc5 8. c3
d6 9. d4 Bb6 10. h3 h6 11. dxe5 Nxe5 12. Nxe5 dxe5 13. Nd2 O-O 14. Bc2 c5 15.
Qe2 c4 16. Nf1 Qc7 17. Ng3 Rad8 18. Be3 Kh7 19. Rad1 g6 20. Rd2 Rxd2 21. Qxd2
Rd8 22. Qe2 Kg7 23. Bxb6 Qxb6 24. Rd1 Rd6 25. Rxd6 Qxd6 26. f3 Nd7 27. Nh1 Nc5
28. Nf2 Ne6 29. g3 Bc8 30. Qe3 Nc5 31. Kf1 g5 32. Ke2 Kf8 33. Qd2 Qc7 34. Ng4
Bxg4 35. hxg4 Ke7 36. Qd5 Nd7 37. Qd2 Qc6 38. Qe3 Nc5 39. Qd2 Ne6 40. Qe3 Qc7
41. Qd2 Qb7 42. Qe3 Kd8 43. Qg1 Kc7 44. b4 Kb8 45. Qh2 Qb6 46. Qf2 Qc6 47. Qe3
Kb7 48. Qf2 Qc7 49. Qe3 a5 50. a3 axb4 51. axb4 Qc6 52. Kd2 Qa6 53. Qe1 Qa7 54.
Qe3 Qa1 55. Qe1 Qa6 56. Qe3 Qd6+ 57. Ke2 Qc6 58. Kd2 Qa6 59. Qe1 Kc7 60. Qe3
Kd7 61. Qe1 Ke7 62. Qh1 Ng7 63. Qg1 Ne6 64. Qh1 Qd6+ 65. Ke2 Nd4+ 66. cxd4 exd4
67. Qd1 d3+ 68. Bxd3 cxd3+ 69. Qxd3 Qxb4 70. Qd5 Qb2+ 71. Ke3 Qc3+ 72. Qd3 Qe1+
73. Kd4 Qxg3 74. Qxb5 Qf2+ 75. Kc4 Qe2+ 76. Kb4 Qb2+ 77. Kc4 Qe2+ 78. Kb4 Qb2+
79. Kc4 Qc2+ 80. Kd4 Qf2+ 81. Kc4 Qf1+ 82. Kb4 Qb1+ 83. Kc4 Qxb5+ 84. Kxb5 Kd6
85. Kc4 Ke5 86. Kd3 Kf4 87. Ke2 Kg3 88. Ke3 f6 89. Ke2 Kg2 90. Ke3 Kg3 91. Ke2
Kg2 92. Ke3 Kf1 93. f4 gxf4+ 94. Kxf4 Kf2 95. Kf5 Kf3 96. Kxf6 Kxe4 97. Kg6 Kf4
98. Kh5 Kf3 1/2-1/2

[Event "St-Jean"]
[Site "Quebec CAN"]
[Date "2006.06.24"]
[Round "4"]
[White "Chiffot, Nicolas"]
[Black "Blais, Georges"]
[Result "0-1"]
[WhiteElo "1940"]
[BlackElo "1801"]
[PlyCount "110"]
[EventDate "2006.06.23"]
[EventType "swiss"]
[EventRounds "5"]
[EventCountry "CAN"]

1. d4 g6 2. c4 Nf6 3. g3 Bg7 4. Bg2 c6 5. e4 d6 6. Nc3 O-O 7. Nf3 Bg4 8. h3
Bxf3 9. Qxf3 Nbd7 10. O-O Qc7 11. Qe2 a6 12. a4 e6 13. f4 Nh5 14. Qf2 c5 15. d5
e5 16. f5 Nhf6 17. g4 h6 18. Bf3 g5 19. Be3 Nh7 20. Kg2 f6 21. Rh1 Kf7 22. Rh2
Rh8 23. Rah1 Rag8 24. Qd2 Qd8 25. Rb1 Qa5 26. Qc2 Qc7 27. Be2 Rb8 28. Bd2 b6
29. Rhh1 Rb7 30. b4 Nhf8 31. h4 Nh7 32. Qc1 Rbb8 33. Na2 Qa7 34. Rb2 gxh4 35.
Rxh4 Ng5 36. Qb1 Ke7 37. Be3 Kf7 38. Rh1 Qa8 39. Rb3 Ke7 40. Bd1 Kf7 41. Bc2
Ke7 42. Nc1 a5 43. bxa5 bxa5 44. Rb5 Rxb5 45. cxb5 Nb6 46. Qa2 Rc8 47. Bd2 c4
48. Bc3 Nxd5 49. exd5 Qxd5+ 50. Kg1 Qf3 51. Rh2 Qxc3 52. Ne2 Qe1+ 53. Kg2 Qxe2+
54. Kg1 Nf3+ 55. Kh1 Qf1# 0-1

[Event "St-Jean"]
[Site "Quebec CAN"]
[Date "2006.06.24"]
[Round "4"]
[White "Sauve, Richard"]
[Black "Gaspariants, Vladimir"]
[Result "0-1"]
[WhiteElo "2050"]
[BlackElo "2228"]
[PlyCount "46"]
[EventDate "2006.06.23"]
[EventType "swiss"]
[EventRounds "5"]
[EventCountry "CAN"]

1. d4 Nf6 2. c4 e6 3. Nc3 d5 4. cxd5 exd5 5. Bg5 Be7 6. e3 c6 7. Bd3 Nbd7 8.
Nge2 O-O 9. Qc2 Re8 10. O-O Nf8 11. Rab1 Ne4 12. Bxe7 Qxe7 13. Bxe4 dxe4 14. d5
Ng6 15. dxc6 bxc6 16. b4 Bg4 17. Na4 Nh4 18. Nd4 Qg5 19. Rfc1 Nxg2 20. Qc5 Re5
21. Qxc6 Rae8 22. Rc5 Bd7 23. Rxe5 Rxe5 0-1

[Event "St-Jean"]
[Site "Quebec CAN"]
[Date "2006.06.24"]
[Round "4"]
[White "Tremblay, Sylvain"]
[Black "Auger, Bertrand"]
[Result "0-1"]
[WhiteElo "2233"]
[BlackElo "2023"]
[PlyCount "53"]
[EventDate "2006.06.23"]
[EventType "swiss"]
[EventRounds "5"]
[EventCountry "CAN"]

1. e4 e6 2. d4 d5 3. Nc3 dxe4 4. Nxe4 Bd7 5. Nf3 Bc6 6. Bd3 Nd7 7. O-O Ngf6 8.
Ng3 Bd6 9. Re1 O-O 10. Ne5 Nb8 11. c4 b6 12. Bg5 Be7 13. Be3 Bb7 14. Qb3 Nbd7
15. Rad1 Qc8 16. Nxd7 Qxd7 17. Bc2 Rad8 18. Qd3 g6 19. Qc3 Rfe8 20. f3 Qc8 21.
Bh6 c5 22. d5 e5 23. Rxe5 Bf8 24. Rxe8 Nxe8 25. Bxf8 Kxf8 26. Qh8+ Ke7 27. Qxh7
0-1

[Event "St-Jean"]
[Site "Quebec CAN"]
[Date "2006.06.25"]
[Round "5"]
[White "Carrier, Claude"]
[Black "Audet-Bouchard, Nicolas"]
[Result "0-1"]
[WhiteElo "1982"]
[BlackElo "2190"]
[PlyCount "64"]
[EventDate "2006.06.23"]
[EventType "swiss"]
[EventRounds "5"]
[EventCountry "CAN"]

1. e4 c5 2. Nf3 Nc6 3. d4 cxd4 4. Nxd4 e6 5. Nc3 Bb4 6. Ndb5 a6 7. Nd6+ Ke7 8.
Nxc8+ Rxc8 9. Bd3 f6 10. O-O Bxc3 11. bxc3 Ne5 12. f4 Nxd3 13. Qxd3 Qb6+ 14.
Be3 Qc6 15. Rad1 Nh6 16. Kh1 Rhd8 17. Bd4 d6 18. e5 dxe5 19. fxe5 f5 20. Qg3
Kf7 21. Rb1 b5 22. a4 Rb8 23. a5 Rbc8 24. Rfd1 Rd5 25. Rd3 Kg8 26. Qf4 Qc7 27.
Ra1 Kh8 28. Re3 Qe7 29. Rg3 Rc4 30. Qe3 Qc7 31. Bb6 Qd7 32. h3 f4 0-1

[Event "St-Jean"]
[Site "Quebec CAN"]
[Date "2006.06.25"]
[Round "5"]
[White "Cournoyer, Dominic"]
[Black "Cote, Jocelyn"]
[Result "1-0"]
[WhiteElo "1803"]
[BlackElo "1707"]
[PlyCount "119"]
[EventDate "2006.06.23"]
[EventType "swiss"]
[EventRounds "5"]
[EventCountry "CAN"]

1. c4 b6 2. Nf3 Bb7 3. e3 c5 4. Nc3 Nf6 5. d4 cxd4 6. exd4 d5 7. Bf4 Nbd7 8.
Nb5 Rc8 9. Nxa7 Nh5 10. Be3 Ra8 11. Nb5 dxc4 12. Bxc4 e6 13. O-O Be7 14. Be2
Nhf6 15. Nc3 Nd5 16. Nxd5 Bxd5 17. a3 O-O 18. Ne5 Nf6 19. Rc1 Rc8 20. Rxc8 Qxc8
21. Qa4 Qb7 22. Bf3 Bxf3 23. Nxf3 Ra8 24. Qb3 Rc8 25. Rc1 Rxc1+ 26. Bxc1 Qc7
27. Qc3 Qb7 28. h3 Nd5 29. Qc2 h6 30. Ne5 Bg5 31. Bxg5 hxg5 32. Qc6 Qxc6 33.
Nxc6 Kf8 34. g3 f6 35. Kf1 Ke8 36. Na7 Kd7 37. Nb5 f5 38. Ke2 Kc6 39. a4 Nb4
40. Nc3 Kd6 41. Kd2 Kd7 42. Nd1 Nc6 43. Kc3 Kd6 44. Ne3 g6 45. Nc4+ Kd5 46.
Nxb6+ Ke4 47. Kd2 Nxd4 48. b4 Kf3 49. a5 Kxf2 50. a6 Nb5 51. Nc4 Kxg3 52. Ke2
f4 53. Kf1 Kxh3 54. Na3 Na7 55. b5 g4 56. b6 Nc6 57. a7 g3 58. a8=Q g2+ 59. Kg1
Ne7 60. Qxg2+ 1-0

[Event "St-Jean"]
[Site "Quebec CAN"]
[Date "2006.06.25"]
[Round "5"]
[White "Gaspariants, Vladimir"]
[Black "Caire, Francois"]
[Result "0-1"]
[WhiteElo "2228"]
[BlackElo "2208"]
[PlyCount "50"]
[EventDate "2006.06.23"]
[EventType "swiss"]
[EventRounds "5"]
[EventCountry "CAN"]

1. e4 c5 2. Nf3 Nc6 3. Bb5 g6 4. O-O Bg7 5. Re1 e5 6. Bxc6 dxc6 7. h3 Qe7 8. b3
Nf6 9. Bb2 Nd7 10. d3 Nf8 11. Nbd2 f6 12. b4 cxb4 13. d4 exd4 14. Nxd4 Ne6 15.
Nf5 gxf5 16. exf5 O-O 17. Qe2 Re8 18. g3 Qc5 19. Qh5 Rf8 20. Ne4 Nf4 21. Nxf6+
Bxf6 22. Qg4+ Ng6 23. Bxf6 Rxf6 24. Re8+ Rf8 25. Rxc8 Raxc8 0-1

[Event "St-Jean"]
[Site "Quebec CAN"]
[Date "2006.06.25"]
[Round "5"]
[White "Masse, Hugues"]
[Black "Boudreau, Daniel"]
[Result "1-0"]
[WhiteElo "2288"]
[BlackElo "1988"]
[PlyCount "58"]
[EventDate "2006.06.23"]
[EventType "swiss"]
[EventRounds "5"]
[EventCountry "CAN"]

1. e4 c5 2. c3 Nf6 3. e5 Nd5 4. Nf3 e6 5. Bc4 Nb6 6. Bb3 d6 7. exd6 Bxd6 8. O-O
N8d7 9. d4 cxd4 10. cxd4 O-O 11. Nc3 Nf6 12. Bg5 Be7 13. Qe2 Re8 14. Rad1 Bd7
15. Ne5 Nbd5 16. Rfe1 Rc8 17. Qf3 Nxc3 18. bxc3 Bc6 19. Qh3 Bd5 20. c4 Be4 21.
Bxf6 gxf6 22. Nxf7 Bf5 23. Nh6+ Kh8 24. Nxf5 exf5 25. Qxf5 Rg8 26. Re6 Rg5 27.
Qe4 Bd6 28. Qxb7 Rg7 29. Qd5 Be7 1-0

[Event "St-Jean"]
[Site "Quebec CAN"]
[Date "2006.06.25"]
[Round "5"]
[White "Ouellet, Michel"]
[Black "Larochelle, Martial"]
[Result "0-1"]
[WhiteElo "1949"]
[BlackElo "2158"]
[PlyCount "76"]
[EventDate "2006.06.23"]
[EventType "swiss"]
[EventRounds "5"]
[EventCountry "CAN"]

1. e4 c5 2. Nc3 Nc6 3. g3 g6 4. Bg2 Bg7 5. d3 d6 6. Be3 e5 7. Qd2 Nge7 8. Bh6
O-O 9. h4 Bxh6 10. Qxh6 f6 11. Qd2 Nd4 12. Nd1 d5 13. exd5 Nxd5 14. Ne3 Be6 15.
Ne2 Qd7 16. O-O Rad8 17. Nxd4 cxd4 18. Nxd5 Bxd5 19. Bxd5+ Qxd5 20. f4 exf4 21.
Rxf4 Rde8 22. Re1 Qxa2 23. Rxe8 Rxe8 24. Rxf6 Qxb2 25. Rf1 Qb5 26. Qf4 Qd5 27.
Kh2 a5 28. Kh3 a4 29. Qc7 a3 30. Qc4 Qxc4 31. dxc4 Rc8 32. Ra1 Rxc4 33. Rxa3
Rxc2 34. Rb3 Rc7 35. Kg4 Rd7 36. Rd3 Kf7 37. Kf4 Ke6 38. Ke4 h5 0-1

[Event "St-Jean"]
[Site "Quebec CAN"]
[Date "2006.06.25"]
[Round "6"]
[White "Blais, Georges"]
[Black "Cournoyer, Dominic"]
[Result "0-1"]
[WhiteElo "1534"]
[BlackElo "1803"]
[PlyCount "36"]
[EventDate "2006.06.23"]
[EventType "swiss"]
[EventRounds "5"]
[EventCountry "CAN"]

1. Nf3 c5 2. b3 d5 3. e4 dxe4 4. Ne5 g6 5. Bb5+ Bd7 6. Nxd7 Nxd7 7. Bb2 Ngf6 8.
Nc3 Bg7 9. Nxe4 O-O 10. Nxf6+ Bxf6 11. c3 a6 12. Bxd7 Qxd7 13. Qe2 Rfd8 14. Rd1
Qf5 15. O-O Qc2 16. Ba3 b6 17. Qf3 Qxa2 18. Ra1 Qxd2 0-1

[Event "St-Jean"]
[Site "Quebec CAN"]
[Date "2006.06.25"]
[Round "6"]
[White "Caire, Francois"]
[Black "Masse, Hugues"]
[Result "1/2-1/2"]
[WhiteElo "2204"]
[BlackElo "2288"]
[PlyCount "141"]
[EventDate "2006.06.23"]
[EventType "swiss"]
[EventRounds "5"]
[EventCountry "CAN"]

1. d4 Nf6 2. c4 g6 3. g3 Bg7 4. Bg2 d5 5. Nf3 O-O 6. O-O dxc4 7. Ne5 c5 8. Be3
Nd5 9. Nxc4 Nxe3 10. Nxe3 cxd4 11. Nc4 Nd7 12. Nbd2 Rb8 13. Nb3 Ne5 14. Na3 Nc6
15. Rc1 d3 16. Qd2 dxe2 17. Qxe2 Nd4 18. Nxd4 Bxd4 19. Nb5 e5 20. Rfd1 Qb6 21.
Nxd4 exd4 22. Qe5 Bg4 23. f3 d3+ 24. Qc5 Bf5 25. Qxb6 axb6 26. g4 Be6 27. Rxd3
Bxa2 28. Kf2 Be6 29. Kg3 Rfd8 30. Rcd1 Rxd3 31. Rxd3 Rc8 32. Rd2 g5 33. h4 h6
34. hxg5 hxg5 35. Bf1 Rc1 36. Bd3 Bd5 37. Bh7+ Kxh7 38. Rxd5 Rc5 39. Rd4 Rb5
40. b4 Kg6 41. Re4 Rd5 42. Kf2 Kf6 43. Ke3 b5 44. Rd4 Ke5 45. Re4+ Kd6 46. f4
gxf4+ 47. Rxf4 Ke6 48. Ke4 Re5+ 49. Kd4 Rd5+ 50. Ke4 Rg5 51. Kd4 f6 52. Ke4 Rg8
53. Kd4 Rc8 54. Kd3 Rd8+ 55. Ke4 Rc8 56. Kd3 Rd8+ 57. Ke4 Rg8 58. Kd4 b6 59.
Kd3 Rg5 60. Ke4 Re5+ 61. Kd4 Rd5+ 62. Ke4 Rg5 63. Kd4 Kf7 64. Ke4 Kg6 65. Kf3
Rd5 66. Re4 Rd3+ 67. Ke2 Rc3 68. Rf4 Rc4 69. Kf3 Kg5 70. Rf5+ Kg6 71. Rxb5
1/2-1/2

[Event "St-Jean"]
[Site "Quebec CAN"]
[Date "2006.06.25"]
[Round "6"]
[White "Larochelle, Martial"]
[Black "Audet-Bouchard, Nicolas"]
[Result "1-0"]
[WhiteElo "2158"]
[BlackElo "2190"]
[PlyCount "63"]
[EventDate "2006.06.23"]
[EventType "swiss"]
[EventRounds "5"]
[EventCountry "CAN"]

1. Nf3 c5 2. c4 Nf6 3. Nc3 d5 4. cxd5 Nxd5 5. d4 cxd4 6. Qxd4 Nxc3 7. Qxc3 Nc6
8. e4 e6 9. Bb5 Bd7 10. O-O a6 11. Be2 Rc8 12. Rd1 Nb4 13. Qe5 f6 14. Qg3 Qc7
15. Bf4 e5 16. Nxe5 fxe5 17. Bxe5 Qc2 18. Bh5+ g6 19. Bxg6+ hxg6 20. Qxg6+ Kd8
21. Qf6+ Ke8 22. Qxh8 Be6 23. Bd6 Kf7 24. Qh5+ Kf6 25. Qe5+ Kf7 26. Qf4+ Kg8
27. Bxf8 Rxf8 28. Qg5+ Kh7 29. Qe7+ Rf7 30. Qxe6 Qxf2+ 31. Kh1 Nc2 32. Rd7 1-0

[Event "St-Jean"]
[Site "Quebec CAN"]
[Date "2006.06.25"]
[Round "6"]
[White "Pepin, Christian"]
[Black "Gaspariants, Vladimir"]
[Result "0-1"]
[WhiteElo "2096"]
[BlackElo "2228"]
[PlyCount "84"]
[EventDate "2006.06.23"]
[EventType "swiss"]
[EventRounds "5"]
[EventCountry "CAN"]

1. e4 e5 2. Nf3 Nc6 3. d4 exd4 4. Nxd4 g6 5. Bc4 Bg7 6. c3 h6 7. Nxc6 bxc6 8.
O-O Ne7 9. Be3 O-O 10. Bd4 d5 11. Bxg7 Kxg7 12. Bd3 dxe4 13. Bxe4 Ba6 14. Re1
Qxd1 15. Rxd1 Rad8 16. Re1 f5 17. Bf3 Kf6 18. b3 g5 19. c4 g4 20. Be2 Ng6 21.
g3 c5 22. Nc3 Bb7 23. Rad1 Rd4 24. Na4 Re8 25. Nxc5 Rxe2 26. Nxb7 Rdd2 27. Rxe2
Rxd1+ 28. Kg2 Ne5 29. Re3 Nf3 30. Rxf3 gxf3+ 31. Kxf3 Rd2 32. Nc5 Rxa2 33. g4
fxg4+ 34. Kxg4 h5+ 35. Kf3 Rb2 36. Ke3 Kf5 37. h3 Kg5 38. Kd4 Kf5 39. Kd5 Rxf2
40. Kc6 Rf3 41. Kxc7 Rxh3 42. b4 Rc3 0-1

[Event "St-Jean"]
[Site "St-Jean CAN"]
[Date "2006.11.09"]
[Round "1"]
[White "Archambault, Serge"]
[Black "Morin, Gaetan"]
[Result "1-0"]
[WhiteElo "1771"]
[BlackElo "1655"]
[PlyCount "121"]
[EventDate "2006.10.24"]
[EventType "tourn"]
[EventRounds "7"]
[EventCountry "CAN"]

1. d4 d5 2. c4 dxc4 3. a4 Nf6 4. e3 c5 5. Bxc4 cxd4 6. Nf3 e6 7. Qxd4 Qxd4 8.
Nxd4 a6 9. Nc3 Be7 10. O-O O-O 11. b3 Bd7 12. Bb2 Nc6 13. Nce2 Na5 14. Rac1
Nxc4 15. Rxc4 Rac8 16. Rfc1 Rxc4 17. Rxc4 Rc8 18. Rc2 Nd5 19. Rxc8+ Bxc8 20.
Nc2 f6 21. Kf1 e5 22. g3 Be6 23. Nc1 Bf5 24. Na3 Nb4 25. Ke2 Be6 26. f3 Kf7 27.
e4 Nc6 28. Nc2 Na5 29. Na1 h5 30. Bc3 Nc6 31. Nc2 g5 32. Kd3 f5 33. Ne3 f4 34.
gxf4 gxf4 35. Nc4 Kf6 36. Ne2 Nb4+ 37. Kd2 Bxc4 38. bxc4 Nc6 39. Nxf4 Kg5 40.
Ng2 Bb4 41. h4+ Kf6 42. Bxb4 Nxb4 43. Ne3 Nc6 44. Nd5+ Ke6 45. f4 exf4 46.
Nxf4+ Ke5 47. Ke3 Na5 48. Nd3+ Kd6 49. e5+ Ke6 50. Kd4 Nc6+ 51. Ke4 Kf7 52. Nc5
Ne7 53. Nxb7 Ng6 54. Nd6+ Ke6 55. Nf5 Nxe5 56. Ng7+ Kf6 57. Nxh5+ Ke6 58. Nf4+
Kf6 59. Kd5 Kf5 60. Ne6 Nf3 61. h5 1-0

[Event "St-Jean"]
[Site "St-Jean CAN"]
[Date "2006.11.16"]
[Round "2"]
[White "Boucher, Bruno"]
[Black "Archambault, Serge"]
[Result "1/2-1/2"]
[WhiteElo "1504"]
[BlackElo "1781"]
[PlyCount "112"]
[EventDate "2006.10.24"]
[EventType "tourn"]
[EventRounds "7"]
[EventCountry "CAN"]

1. d4 Nf6 2. Nf3 e6 3. c4 d5 4. Bg5 Be7 5. e3 O-O 6. Bd3 dxc4 7. Bxc4 Nd5 8.
Bxe7 Qxe7 9. O-O Nd7 10. Nbd2 c6 11. a3 N7b6 12. Ba2 Kh8 13. Qc2 f6 14. Rac1
Bd7 15. Bb1 g5 16. Qe4 Qg7 17. h3 Rf7 18. Nb3 Rg8 19. Nc5 f5 20. Qe5 Bc8 21.
Nxg5 Rf6 22. h4 h6 23. f4 hxg5 24. fxg5 Rf7 25. Qg3 f4 26. Qf3 Rgf8 27. Qh5+
Kg8 28. Ne4 Nxe3 29. Rf2 Nbd5 30. g6 Rf5 31. Ng5 Nf6 32. Qf3 Nfg4 33. Bxf5 Rxf5
34. Rd2 Qxg6 35. Ne4 Qh5 36. g3 fxg3 37. Qxg3 Qf7 38. Rf2 Rxf2 39. Nxf2 Qxf2+
40. Qxf2 Nxf2 41. Kxf2 Nf5 42. h5 Nxd4 43. Rd1 c5 44. b4 b6 45. Rc1 Kg7 46.
bxc5 Nb3 47. Rg1+ Kh6 48. cxb6 axb6 49. Rb1 Nd4 50. Rxb6 Kxh5 51. Rb8 Ba6 52.
Rb6 Bc8 53. a4 Kg5 54. a5 Kf5 55. a6 Bxa6 56. Rxa6 Ke4 1/2-1/2

[Event "St-Jean"]
[Site "St-Jean CAN"]
[Date "2006.11.23"]
[Round "3"]
[White "Archambault, Serge"]
[Black "Matteau, Francois"]
[Result "1-0"]
[WhiteElo "1781"]
[BlackElo "1602"]
[PlyCount "131"]
[EventDate "2006.10.24"]
[EventType "tourn"]
[EventRounds "7"]
[EventCountry "CAN"]

1. d4 e6 2. c4 c5 3. d5 d6 4. e4 exd5 5. exd5 Nf6 6. Nf3 Be7 7. Be2 O-O 8. O-O
a6 9. Nc3 Bf5 10. Re1 h6 11. Bd3 Bh7 12. b3 Nbd7 13. Bb2 Ng4 14. Bxh7+ Kxh7 15.
Ne4 f5 16. Ng3 Nge5 17. Nxe5 dxe5 18. Qc2 g6 19. Rad1 Bd6 20. f3 Qh4 21. Qf2
Rae8 22. Ne4 Be7 23. Qxh4 Bxh4 24. Nf2 Bf6 25. Re2 a5 26. Rde1 b6 27. Nd3 e4
28. fxe4 fxe4 29. Rxe4 Bxb2 30. Nxb2 Rxe4 31. Rxe4 Rf7 32. Nd3 g5 33. Re6 Kg7
34. Ne5 Nxe5 35. Rxe5 Rf6 36. Re7+ Kf8 37. Rc7 Ke8 38. g3 Kd8 39. Rb7 Kc8 40.
Re7 Kd8 41. Re2 Kd7 42. Kg2 Kd6 43. Rf2 Rxf2+ 44. Kxf2 g4 45. Ke3 Ke5 46. a3
Kf5 47. d6 Ke6 48. Kf4 Kxd6 49. Kxg4 a4 50. bxa4 Ke5 51. Kh5 Kd4 52. Kxh6 Kxc4
53. g4 Kb3 54. g5 Kxa3 55. g6 Kxa4 56. g7 c4 57. g8=Q b5 58. Kg5 Ka3 59. Qd5
Ka4 60. Qd1+ Kb4 61. h4 c3 62. h5 Kc4 63. h6 b4 64. h7 b3 65. h8=Q c2 66. Qe2+
1-0

[Event "St-Jean"]
[Site "St-Jean CAN"]
[Date "2006.11.30"]
[Round "4"]
[White "Archambault, Serge"]
[Black "Maxant, Joseph"]
[Result "1/2-1/2"]
[WhiteElo "1849"]
[BlackElo "1806"]
[PlyCount "117"]
[EventDate "2006.10.24"]
[EventType "tourn"]
[EventRounds "7"]
[EventCountry "CAN"]

1. d4 Nf6 2. c4 e5 3. e3 Bb4+ 4. Bd2 Bxd2+ 5. Nxd2 Qe7 6. dxe5 Qxe5 7. Qc2 Nc6
8. a3 d6 9. Ngf3 Qe7 10. Be2 O-O 11. O-O Ne5 12. Nxe5 dxe5 13. Bf3 c6 14. b4
Bg4 15. Bxg4 Nxg4 16. h3 Nf6 17. c5 a5 18. Nc4 axb4 19. axb4 Rxa1 20. Rxa1 Rd8
21. Ra7 Ne8 22. Na5 Rd7 23. Qf5 g6 24. Qc2 e4 25. Nc4 h5 26. Ra8 Kg7 27. Qb2+
f6 28. Nd2 Nc7 29. Ra1 Kh7 30. Qc2 f5 31. Nc4 Nb5 32. Rd1 h4 33. Rd2 Qd8 34.
Kf1 Rxd2 35. Nxd2 Na3 36. Qa2 Qd3+ 37. Kg1 Nc2 38. Qf7+ Kh6 39. Qf8+ Kh7 40.
Nf1 Qd7 41. Qd6 Qg7 42. Qf4 Nxb4 43. Qxh4+ Kg8 44. Qd8+ Qf8 45. Qb6 Nd3 46.
Qxb7 Qxc5 47. Qc8+ Kg7 48. Qd7+ Kg8 49. g4 Qd5 50. Qe8+ Kg7 51. Qe7+ Qf7 52.
Qh4 fxg4 53. hxg4 Ne1 54. Qg3 Nf3+ 55. Kh1 Qc4 56. Kg2 Ne1+ 57. Kg1 Nf3+ 58.
Kg2 Ne1+ 59. Kg1 1/2-1/2

[Event "St-Jean"]
[Site "St-Jean CAN"]
[Date "2006.12.14"]
[Round "5"]
[White "Mongeau, Diane"]
[Black "Archambault, Serge"]
[Result "1-0"]
[WhiteElo "1899"]
[BlackElo "1849"]
[PlyCount "59"]
[EventDate "2006.10.24"]
[EventType "tourn"]
[EventRounds "7"]
[EventCountry "CAN"]

1. d4 d5 2. Nf3 Nf6 3. Bg5 e6 4. Nbd2 Be7 5. c3 Nbd7 6. e3 c5 7. Bd3 h6 8. Bh4
Nh7 9. Bxh7 Bxh4 10. Bd3 Bf6 11. Qe2 e5 12. dxe5 Nxe5 13. Nxe5 Bxe5 14. e4 O-O
15. O-O d4 16. Nc4 Bc7 17. cxd4 Qxd4 18. Rad1 Qf6 19. e5 Qe7 20. f4 b5 21. Qe4
g6 22. Qxa8 bxc4 23. Bxc4 Bg4 24. Qe4 Bf5 25. Qc6 Kg7 26. Rd2 Ba5 27. Rd6 Rc8
28. Qf3 Bc7 29. Rf6 Rd8 30. Rxf7+ 1-0

[Event "St-Jean"]
[Site "St-Jean CAN"]
[Date "2006.12.21"]
[Round "6"]
[White "Audet, Michel"]
[Black "Archambault, Serge"]
[Result "0-1"]
[WhiteElo "1787"]
[BlackElo "1849"]
[PlyCount "86"]
[EventDate "2006.10.24"]
[EventType "tourn"]
[EventRounds "7"]
[EventCountry "CAN"]

1. b4 e6 2. Bb2 Nf6 3. a3 b6 4. e3 Bb7 5. c4 c5 6. b5 d5 7. Nf3 Nbd7 8. Be2 g6
9. Qc2 Bg7 10. a4 O-O 11. d3 Qe7 12. Nbd2 Rad8 13. a5 Qd6 14. a6 Ba8 15. O-O-O
Ne8 16. h4 Bxb2+ 17. Qxb2 e5 18. h5 Nef6 19. hxg6 fxg6 20. Ng5 d4 21. e4 Rde8
22. Rh6 Kg7 23. Rdh1 Rh8 24. R6h2 Qe7 25. Nf1 Nh5 26. Qd2 Ndf6 27. Nh3 Bxe4 28.
dxe4 Nxe4 29. Qd3 Nhf6 30. Ng3 Nxg3 31. Qxg3 e4 32. Nf4 d3 33. Nh5+ Nxh5 34.
Bxh5 Qf6 35. Kb1 Re7 36. Rc1 Rf8 37. Bd1 Qxf2 38. Qg5 Rff7 39. Qh6+ Kg8 40. g4
Qd4 41. Qh3 e3 42. Qg3 e2 43. Bb3 d2 0-1

[Event "St-Jean"]
[Site "St-Jean CAN"]
[Date "2007.01.18"]
[Round "7"]
[White "Archambault, Serge"]
[Black "Barre, Michel"]
[Result "0-1"]
[WhiteElo "1849"]
[BlackElo "1911"]
[PlyCount "42"]
[EventDate "2006.10.24"]
[EventType "tourn"]
[EventRounds "7"]
[EventCountry "CAN"]

1. d4 Nf6 2. c4 e6 3. Nc3 Bb4 4. Nf3 b6 5. Bd2 Bb7 6. e3 O-O 7. a3 Bxc3 8. Bxc3
Ne4 9. Rc1 d6 10. d5 Nd7 11. dxe6 fxe6 12. Be2 Qe7 13. O-O Rf7 14. Nd2 Nxc3 15.
Rxc3 Raf8 16. Bf3 Bxf3 17. Nxf3 Qf6 18. Rc2 Nc5 19. b4 Ne4 20. Qd4 Qg6 21. Re2
Rxf3 0-1

[Event "Strategy Games 2006.01.07"]
[Site "Ottawa CAN"]
[Date "2006.01.07"]
[Round "1"]
[White "Pacey, Kevin"]
[Black "Xiong, Jerry"]
[Result "1/2-1/2"]
[WhiteElo "2142"]
[BlackElo "1805"]
[PlyCount "65"]
[EventDate "2006.01.07"]
[EventType "swiss (rapid)"]
[EventRounds "5"]
[EventCountry "CAN"]

1. e4 c5 2. Nf3 d6 3. Bb5+ Bd7 4. c4 Nc6 5. O-O g6 6. d4 cxd4 7. Nxd4 Bg7 8.
Be3 Nf6 9. f3 O-O 10. Nc3 a6 11. Nxc6 bxc6 12. Ba4 Rb8 13. Rb1 c5 14. Bxd7 Nxd7
15. Qd2 Ne5 16. b3 Nc6 17. Bh6 Bxh6 18. Qxh6 e6 19. Qf4 Nd4 20. Kh1 Qa5 21.
Rbc1 Rbd8 22. e5 d5 23. cxd5 exd5 24. Rfe1 Ne6 25. Qh6 Qb4 26. Red1 Nc7 27. Qd2
Rfe8 28. f4 Re7 29. Na4 Qxd2 30. Rxd2 Ne6 31. g3 Rc7 32. Nb6 d4 33. Nc4 1/2-1/2

[Event "Strategy Games 2006.01.07"]
[Site "Ottawa CAN"]
[Date "2006.01.07"]
[Round "2"]
[White "Spicer, Christopher"]
[Black "Pacey, Kevin"]
[Result "0-1"]
[WhiteElo "1900"]
[BlackElo "2142"]
[PlyCount "30"]
[EventDate "2006.01.07"]
[EventType "swiss (rapid)"]
[EventRounds "5"]
[EventCountry "CAN"]

1. e4 Nc6 2. Nf3 e5 3. d4 exd4 4. Nxd4 Qf6 5. Nxc6 Bc5 6. Qe2 bxc6 7. Nc3 d6 8.
Na4 Bb6 9. g3 Ba6 10. Qd2 Qf3 11. Nxb6 Qxh1 12. c4 Qxe4+ 13. Be2 axb6 14. b3
O-O-O 15. Bb2 Nf6 0-1

[Event "Strategy Games 2006.01.07"]
[Site "Ottawa CAN"]
[Date "2006.01.07"]
[Round "3"]
[White "Saleh, Maher"]
[Black "Pacey, Kevin"]
[Result "0-1"]
[WhiteElo "2014"]
[BlackElo "2142"]
[PlyCount "62"]
[EventDate "2006.01.07"]
[EventType "swiss (rapid)"]
[EventRounds "5"]
[EventCountry "CAN"]

1. Nf3 g6 2. g3 b6 3. Bg2 Bb7 4. O-O Bg7 5. d4 e6 6. c4 Ne7 7. Nc3 d6 8. e4 Nd7
9. Be3 a6 10. Qd2 h6 11. d5 e5 12. b4 f5 13. Rab1 fxe4 14. Nxe4 Nf5 15. c5 Nf6
16. Nxf6+ Bxf6 17. cxb6 cxb6 18. Qd3 O-O 19. Nd2 Bg5 20. Be4 Bxe3 21. fxe3 Qg5
22. Bxf5 gxf5 23. e4 f4 24. Nc4 Rf6 25. Nxb6 Rd8 26. Rbc1 Qg7 27. Kh1 fxg3 28.
Rxf6 g2+ 29. Kg1 Qxf6 30. Qg3+ Kh8 31. Rc7 Qf1# 0-1

[Event "Strategy Games 2006.01.07"]
[Site "Ottawa CAN"]
[Date "2006.01.07"]
[Round "4"]
[White "Pacey, Kevin"]
[Black "Gordon, David"]
[Result "1-0"]
[WhiteElo "2142"]
[BlackElo "2018"]
[PlyCount "58"]
[EventDate "2006.01.07"]
[EventType "swiss (rapid)"]
[EventRounds "5"]
[EventCountry "CAN"]

1. d4 Nf6 2. c4 c5 3. d5 e6 4. Nc3 exd5 5. cxd5 d6 6. e4 g6 7. h3 Bg7 8. Nf3
O-O 9. Bd3 b6 10. O-O Ba6 11. Bf4 Ne8 12. e5 Bxd3 13. Qxd3 dxe5 14. Bxe5 Nd7
15. Bxg7 Nxg7 16. Rfe1 Qf6 17. Re2 Rfe8 18. Ne4 Qf4 19. Rae1 h6 20. Qc3 Kh7 21.
g3 Qc7 22. b4 f5 23. Neg5+ hxg5 24. Nxg5+ Kg8 25. Re7 Rxe7 26. Rxe7 Nh5 27. d6
Qxd6 28. Qc4+ Kh8 29. Nf7+ Kg7 1-0

[Event "Strategy Games 2006.01.07"]
[Site "Ottawa CAN"]
[Date "2006.01.07"]
[Round "5"]
[White "Beckwith, Paul"]
[Black "Pacey, Kevin"]
[Result "0-1"]
[WhiteElo "2000"]
[BlackElo "2142"]
[PlyCount "22"]
[EventDate "2006.01.07"]
[EventType "swiss (rapid)"]
[EventRounds "5"]
[EventCountry "CAN"]

1. e4 e6 2. d4 b6 3. c4 Bb7 4. Nc3 Bb4 5. Bd3 f5 6. exf5 Bxg2 7. Qg4 Bxh1 8.
Qxg7 Qf6 9. Qg4 exf5 10. Bxf5 Ne7 11. Qh5+ Qf7 0-1